Revista histórica (Record no. 1904)
[ view plain ]
| 000 -LEADER | |
|---|---|
| campo de control de longitud fija | 00766nas a22002411i#4500 |
| 001 - NÚMERO DE CONTROL | |
| campo de control | 1904 |
| 003 - IDENTIFICADOR DE NÚMERO DE CONTROL | |
| campo de control | ES-MaACL |
| 005 - FECHA Y HORA DE LA ÚLTIMA TRANSACCIÓN | |
| campo de control | 20250803062529.0 |
| 007 - CAMPO FIJO DE DESCRIPCIÓN FÍSICA--INFORMACIÓN GENERAL | |
| campo de control de longitud fija | t| |
| 008 - DATOS DE LONGITUD FIJA--INFORMACIÓN GENERAL | |
| campo de control de longitud fija | 950801c1918 sp | | 1 ||pa d |
| 022 ## - NÚMERO INTERNACIONAL NORMALIZADO PARA PUBLICACIONES SERIADAS | |
| Número Internacional Normalizado para Publicaciones Seriadas | 9957-5809 |
| 080 ## - NÚMERO DE LA CLASIFICACIÓN DECIMAL UNIVERSAL | |
| Número de la Clasificación Decimal Universal | 93/99 |
| 245 00 - MENCIÓN DEL TÍTULO | |
| Título | Revista histórica |
| Resto del título | : investigaciones, bibliografía, metodología y enseñanza de la historia. |
| 260 ## - PUBLICACIÓN, DISTRIBUCIÓN, ETC. | |
| Lugar de publicación, distribución, etc. | Valladolid : |
| Nombre del editor, distribuidor, etc. | Biblioteca de Santa Cruz, |
| Fecha de publicación, distribución, etc. | 1918- |
| 300 ## - DESCRIPCIÓN FÍSICA | |
| Extensión | 1 v. (416 p.) : |
| Otras características físicas | il. ; |
| Dimensiones | 24 cm. |
| 310 ## - PERIODICIDAD ACTUAL | |
| Periodicidad actual | Mensual |
| 362 0# - FECHAS DE PUBLICACIÓN Y/O DESIGNACIÓN SECUENCIAL | |
| Fecha de publicación y/o designación secuencial | Año I, n. 1 (ene. 1918) |
| 650 17 - PUNTO DE ACCESO ADICIONAL DE MATERIA--TÉRMINO DE MATERIA | |
| Término de materia o nombre geográfico como elemento de entrada | Historia |
| Fuente del encabezamiento o término | embne |
| 9 (RLIN) | 179933 |
| 710 2# - ENTRADA AGREGADA--NOMBRE DE ENTIDAD CORPORATIVA | |
| Nombre de entidad corporativa o nombre de jurisdicción como elemento de entrada | Universidad de Valladolid. |
| Unidad subordinada | Biblioteca Santa Cruz. |
| 9 (RLIN) | 143252 |
| 852 ## - LOCALIZACIÓN | |
| Ubicación | ES-MaACL |
| Número de control de estantería | B-8547(1) |
| Nota libre | .- Encuadernado con otra obra |
| 866 #0 - MENCIÓN TEXTUAL DE FONDOS--UNIDAD BIBLIOGRÁFICA BÁSICA | |
| Fondos | 1918. |
| Estatus retirado | Estado de pérdida | Estado de daño | No para préstamo | Colección | Biblioteca de origen | Biblioteca actual | Ubicación en estantería | Fecha de adquisición | Fuente de adquisición | Total de préstamos | Signatura topográfica completa | Código de barras | Visto por última vez | Precio de reemplazo | Tipo de ítem Koha |
|---|---|---|---|---|---|---|---|---|---|---|---|---|---|---|---|
| Periódicos y Revistas | Biblioteca del Ateneo de Madrid | Biblioteca del Ateneo de Madrid | Sala Pardo Bazán | 17/01/2008 | B-8547(1) | 1001943 | 23/02/2023 | 23/02/2023 | Revista |
